KOHA-Header-6

Digital Systems Principles and Applications (Record no. 5984)

000 -LEADER
fixed length control field 00277nam a2200109Ia 4500
008 - FIXED-LENGTH DATA ELEMENTS--GENERAL INFORMATION
fixed length control field 190906s9999||||xx |||||||||||||| ||und||
100 ## - MAIN ENTRY--PERSONAL NAME
Personal name Tocci, Widmer
245 #0 - TITLE STATEMENT
Title Digital Systems Principles and Applications
260 ## - PUBLICATION, DISTRIBUTION, ETC. (IMPRINT)
Place of publication, distribution, etc USA
Name of publisher, distributor, etc McGraw Hill,
Date of publication, distribution, etc 1998
300 ## - PHYSICAL DESCRIPTION
Extent 898
942 ## - ADDED ENTRY ELEMENTS (KOHA)
Koha item type Books
Holdings
Withdrawn status Lost status Damaged status Not for loan Collection code Permanent Location Current Location Shelving location Date acquired Full call number Barcode Date last seen Price effective from Koha item type
        Electrical Engineering MAJU MAJU   2019-09-06 330 1054 2019-09-06 2019-09-06 Electrical Engineering

Powered by Koha